000 00803cab a2200253 4500
001 ABS56737
008 090401t1997 xxu||||| |||| 00| 0 eng d
035 _a(Sirsi) u77411
041 _aeng
100 _aMcAllister, P.
245 _aIndex-linked rents: problems and prospects
260 _c1997
350 _a0
490 _aRent Review & Lease Renewal
_v17(1) 1997, 14-19(6)
520 _aExamines the characteristics of index-linked rents and explores their advantages and disadvantages for both landlord and tenant.
650 _aCOMMERCIAL LEASES
650 _aPROPERTY-COMMERCIAL PROPERTY
650 _aINDEX-LINKED RENTS
650 _aLEASE STRUCTURES
650 _aPROPERTY INVESTMENT
690 _aLANDLORD AND TENANT-BUSINESS TENANCIES
942 _n0
948 _c26/03/1997
999 _c48667
_d48667